LEADER 04037oam 22008294a 450 001 9910166956703321 005 20230621140620.0 010 $a9786613231970 010 $a9789087282851 010 $a9087282850 010 $a9781283231978 010 $a1283231972 010 $a9789400600164 010 $a940060016X 024 7 $a10.1515/9789400600164 035 $a(CKB)2670000000108217 035 $a(EBL)752463 035 $a(OCoLC)746747242 035 $a(SSID)ssj0000536601 035 $a(PQKBManifestationID)12185977 035 $a(PQKBTitleCode)TC0000536601 035 $a(PQKBWorkID)10549472 035 $a(PQKB)10591878 035 $a(OCoLC)966859941 035 $a(MdBmJHUP)muse54599 035 $a(Au-PeEL)EBL3327169 035 $a(CaPaEBR)ebr10493651 035 $a(CaONFJC)MIL323197 035 $a(OCoLC)751395900 035 $a(Au-PeEL)EBL752463 035 $a(ScCtBLL)427bb5a3-1d2d-4920-ab6b-649a8c849432 035 $a(MiAaPQ)EBC3327169 035 $a(MiAaPQ)EBC752463 035 $a(oapen)https://directory.doabooks.org/handle/20.500.12854/30809 035 $a(DE-B1597)635250 035 $a(DE-B1597)9789400600164 035 $a(Perlego)2330102 035 $a(oapen)doab30809 035 $a(EXLCZ)992670000000108217 100 $a20160630e20162010 uy 0 101 0 $aeng 135 $aur|n|---||||| 181 $ctxt 182 $cc 183 $acr 200 10$aFather of Persian Verse$eRudaki and his Poetry /$fSassan Tabatabai 205 $a1st ed. 210 $aLeiden$cLeiden University Press$d2010 210 1$aBaltimore, Maryland :$cProject Muse,$d2016 210 4$d©2016 215 $a1 online resource (135 p.) 225 0 $aIranian studies series 300 $aDescription based upon print version of record. 311 08$a9789087280925 311 08$a9087280920 320 $aIncludes bibliographical references (pages [119]-122). 327 $aIntroduction -- The poetry of Rudaki -- Elegies -- Panegyric poems -- Poems of complaint -- Meditations on life, death and destiny -- Love and its afflictions -- Nature poems -- Wine poems -- Ruba??iya?t. 330 $aAbu 'Abdolla?h' Jafar ibn Mohammad Rudaki (c. 880 CE-941 CE) was a poet to the Samanid court which ruled much of Khora?sa?n (northeastern Persia) from its seat in Bukhara. He is widely regarded as "the father of Persian poetry, for he was the first major poet to write in New Persian language, following the Arab conquest in the seventh and eighth centuries, which established Islam as the official religion, and made Arabic the predominant literary language in Persian-speaking lands for some two centuries. In the tenth century the Caliphate power, with headquarters in Bagdad, gradually weakened. The remoteness of Khora?sa?n, where Rudaki was based, provided a hospitable atmosphere for a "renaissance" of Persian literature. Persian poetry-now written in the Arabic alphabet-flourished under the patronage of the Samanid amirs, who drew literary talent to their court. Under the rule of Nasr ibn Ahmad II (r. 914-943), Rudaki distinguished himself as the brightest literary star of the Samanid court. This book presents Rudaki as the founder of a new poetic aesthetic, which was adopted by subsequent generations of Persian poets. Rudaki is credited with being the first to write in the ruba?i form; and many of the images we first encounter in Rudaki's lines have become staples of Persian poetry. 410 0$aIranian studies series (Leiden, Netherlands) 606 $aQuatrains, Persian$vTranslations into English 606 $aQuatrains, Persian$xHistory and criticism 608 $aElectronic books. 615 0$aQuatrains, Persian 615 0$aQuatrains, Persian$xHistory and criticism. 676 $a891.511 700 $aTabatabai$b Sassan$f1967-$01022647 801 0$bMdBmJHUP 801 1$bMdBmJHUP 906 $aBOOK 912 $a9910166956703321 996 $aFather of Persian Verse$92429221 997 $aUNINA LEADER 03738nam 22006615 450 001 9910746101003321 005 20260219155728.0 010 $a9789819924042 010 $a9819924049 024 7 $a10.1007/978-981-99-2404-2 035 $a(MiAaPQ)EBC30742311 035 $a(Au-PeEL)EBL30742311 035 $a(OCoLC)1397574066 035 $a(DE-He213)978-981-99-2404-2 035 $a(PPN)272739634 035 $a(CKB)28222995800041 035 $a(EXLCZ)9928222995800041 100 $a20230913d2023 u| 0 101 0 $aeng 135 $aurcnu|||||||| 181 $ctxt$2rdacontent 182 $cc$2rdamedia 183 $acr$2rdacarrier 200 10$aAdditive Manufacturing in Pharmaceuticals /$fedited by Subham Banerjee 205 $a1st ed. 2023. 210 1$aSingapore :$cSpringer Nature Singapore :$cImprint: Springer,$d2023. 215 $a1 online resource (378 pages) 311 08$aPrint version: Banerjee, Subham Additive Manufacturing in Pharmaceuticals Singapore : Springer,c2023 9789819924035 327 $a1. History and Present Scenario of Additive Manufacturing in Pharmaceuticals -- 2. Fused deposition modeling (FDM) of Pharmaceuticals -- 3. Stereolithography (SLA) in Pharmaceuticals -- 4. Selective Laser Sintering (SLS) In Pharmaceuticals -- 5. Semi-solid Extrusion (SSE) in Pharmaceuticals -- 6. Inkjet and Binder Jet Printing in Pharmaceuticals -- 7. 4D printing: The next dimension of healthcare in cancer research -- 8. 4D Printing in Pharmaceuticals -- 9. Bioprinting in Pharmaceuticals -- 10. Regulatory Perspective of Additive Manufacturing in the Field of Pharmaceuticals -- 11. Machine Learning in Additive Manufacturing of Pharmaceuticals. . 330 $aThis book presents the different 3D/4D printing technological applications of Additive Manufacturing (AM) in Pharmaceutical Sciences. The initial chapter provides the historical perspective and current scenario of AM in pharmaceuticals. The book further discusses about different 3D printing platform technologies such as FDM, SLA, SLS, SSE, Ink-jet & binder jet principles & applications in developing advanced drug delivery systems. It also covers the methodology, materials for AM and important parameters associated with these platform technologies. The book highlights the progress and practical applications of 4D-printing technology in healthcare & pharmaceuticals fraternity as well including the essence of bioprinting in pharmaceuticals. Finally, the book reviews the regulatory guidelines, perspectives, and integration of Artificial Intelligence (AI)/Machine learning (ML) in pharmaceutical AM. This book is indeed a valuable resource for students, researchers/scholars, young start-ups/entrepreneurs, and pharmaceutical professionals by providing thorough detailing about AM in Pharmaceuticals. 606 $aPharmaceutical chemistry 606 $aDrug delivery systems 606 $aPharmacology 606 $aPharmaceutics 606 $aDrug Delivery 606 $aPharmacology 606 $aTecnologia farmacèutica$2thub 606 $aImpressió 3D$2thub 606 $aMedicaments$2thub 608 $aLlibres electrònics$2thub 615 0$aPharmaceutical chemistry. 615 0$aDrug delivery systems. 615 0$aPharmacology. 615 14$aPharmaceutics. 615 24$aDrug Delivery. 615 24$aPharmacology. 615 7$aTecnologia farmacèutica 615 7$aImpressió 3D 615 7$aMedicaments 676 $a615.6 700 $aBanerjee$b Subham$01427873 801 0$bMiAaPQ 801 1$bMiAaPQ 801 2$bMiAaPQ 906 $aBOOK 912 $a9910746101003321 996 $aAdditive Manufacturing in Pharmaceuticals$93562781 997 $aUNINA